LIBRARY & INFORMATION CENTRE, KCAET, TAVANUR

ONLINE PUBLIC ACCESS CATALOGUE (OPAC)

Objective food science and technology (Record no. 14052)

MARC details
000 -LEADER
fixed length control field 00332nam a2200133 4500
020 ## - INTERNATIONAL STANDARD BOOK NUMBER
ISBN 9788172338442
082 ## - DEWEY DECIMAL CLASSIFICATION NUMBER
Classification number 664.01
Item number MUD/OB
100 ## - MAIN ENTRY--AUTHOR NAME
Personal name Mudgil, Deepak
245 ## - TITLE STATEMENT
Title Objective food science and technology
260 ## - PUBLICATION, DISTRIBUTION, ETC. (IMPRINT)
Place of publication Jodhpur
Name of publisher Scientific publishers
Year of publication 2013
300 ## - PHYSICAL DESCRIPTION
Number of Pages 478p
700 ## - ADDED ENTRY--PERSONAL NAME
Personal name Mudgil, Sheweta Barak
942 ## - ADDED ENTRY ELEMENTS (KOHA)
Koha item type Books
Holdings
Withdrawn status Lost status Damaged status Collection code Home library Current library Shelving location Date acquired Cost, normal purchase price Full call number Accession Number Koha item type
        KAUAET KAUAET General Stacks 30/03/2013 375.00 664.01 MUD/OB 23958 Books
        KAUAET KAUAET General Stacks 03/12/2014   664.01 MUD/OB 23957 Books
        KAUAET KAUAET General Stacks 03/12/2014   664.01 MUD/OB 23959 Books
        KAUAET KAUAET General Stacks 03/12/2014   664.01 MUD/OB 24541 Books
free website counter